000 01306nam2a22002531 4500
001 RU\NLR\INFOCOMM55\1000069081
005 20250617131235.0
035 _a(NLR Aleph) 002621569
090 _a3620167
_c3620167
100 _a20040729d1982 |||y0rusy50 ca
101 0 _arus
102 _aRU
105 _ay |||||||||
200 1 _aПроизводство садочной соли в СССР и за рубежом
_fИ.Р. Резанцев и др.
210 _d1982
_aБ. м.
461 0 _1001RU\NLR\INFOCOMM55\1000069048
_12001#$aПищевая промышленность$eОбзор. информ.$hСерия18$iСоляная промышленность$fЦНИИ информ. и техн.-экон. исслед. пищ. пром-сти. ЦНИИТЭИпищепром$v1982, Вып.7
_93619880
_cМ.
_d1979-
_fЦНИИ информ. и техн.-экон. исслед. пищ. пром-сти. ЦНИИТЭИпищепром
_hСерия18
_iСоляная промышленность
_oОбзор. информ.
_tПищевая промышленность
_x0201-9191
_v1982, Вып.7
700 1 _aРезанцев
_bИ.Р.
_4070
801 1 _aRU
_bInfoComm
_c20040729
801 0 _aRU
_bNLR
_gPSBO
852 _aNLR
_jП10/5609
942 _cISSUE
980 _aNB
980 _aRUSPER